Ortschaften der Gemeinde Ratekau - Statistiken

Allgemein
  • Dieses Quiz wurde 8 mal gespielt
  • Das Durchschnittsergebnis liegt bei 6 aus 13
Antwortstatistiken
Hint Antwort % Korrekt
3919 Ratekau
100%
94 Grammersdorf/Wilmsdorf
50%
97 Häven
50%
74 Hobbersdorf
50%
3533 Pansdorf
50%
91 Rohlsdorf
50%
101 Ruppersdorf/Neuhof
50%
4274 Sereetz
50%
1698 Techau
50%
365 Warnsdorf
50%
430 Luschendorf
0%
475 Offendorf/Kreuzkamp
0%
252 Ovendorf
0%
Keine übereinstimmenden Quizze gefunden
Verteilung der Resultate
Anzahl Personen mit jedem Resultat
Perzentil nach korrekt beantworteten Fragen
Ihre Resultats-Entwicklung
Sie haben dieses Quiz noch nicht gespielt